[Event "CYCC U12"]
[Site "Hamilton CAN"]
[Date "2022.07.08"]
[Round "2.18"]
[White "Zhang, Jeff"]
[Black "Ahlawat, Jaiho"]
[Result "0-1"]
[WhiteElo "901"]
[BlackElo "1601"]
[PlyCount "106"]
[EventDate "2022.07.08"]
[EventType "swiss"]
[EventRounds "7"]
[EventCountry "CAN"]

1. e4 e5 2. Nf3 Nc6 3. Nc3 Bc5 4. Bb5 d6 5. d3 h6 6. O-O Nf6 7. Re1 O-O 8. Be3
Nd4 9. Bxd4 exd4 10. Nd5 c6 11. Nxf6+ Qxf6 12. Bc4 Bg4 13. h3 Bxf3 14. Qxf3
Qxf3 15. gxf3 a5 16. a3 Rfe8 17. c3 b5 18. Ba2 dxc3 19. bxc3 Bxa3 20. d4 Bb2
21. Rab1 Bxc3 22. Red1 b4 23. d5 c5 24. Bc4 Reb8 25. f4 f6 26. Kg2 a4 27. Rdc1
Bd2 28. Rc2 Bxf4 29. Kf3 Be5 30. Kg4 b3 31. Rd2 b2 32. f4 Bd4 33. Rxd4 cxd4 34.
e5 fxe5 35. fxe5 dxe5 36. d6+ Kf8 37. Kf5 Ke8 38. Kxe5 a3 39. Ba2 d3 40. Ke6 d2
41. d7+ Kd8 42. Kf7 Kxd7 43. Rd1 Rf8+ 44. Kxg7 Rf2 45. Kxh6 Rc8 46. Bb1 Rc1 47.
Rxd2+ Rxd2 48. h4 Rxb1 49. Kg7 Rg1+ 50. Kh6 a2 51. h5 a1=Q 52. Kh7 b1=Q+ 53.
Kh6 Qf6# 0-1

[Event "CYCC U12"]
[Site "Hamilton CAN"]
[Date "2022.07.08"]
[Round "2.19"]
[White "Xu, Leon"]
[Black "Chen (172271), Chen"]
[Result "1-0"]
[WhiteElo "1439"]
[BlackElo "824"]
[PlyCount "111"]
[EventDate "2022.07.08"]
[EventType "swiss"]
[EventRounds "7"]
[EventCountry "CAN"]

1. e4 e5 2. Nf3 Nc6 3. Bc4 Bc5 4. c3 Nf6 5. d4 exd4 6. cxd4 Be7 7. e5 Ng8 8.
Bd2 d6 9. exd6 Qxd6 10. Bc3 Nf6 11. O-O Bg4 12. Qb3 Bxf3 13. Bxf7+ Kf8 14. gxf3
Nxd4 15. Bxd4 Qxd4 16. Rd1 Qb6 17. Nc3 Qxb3 18. Bxb3 g6 19. Nb5 c6 20. Nc7 Rc8
21. Ne6+ Kf7 22. Nd8+ Ke8 23. Nxb7 Rb8 24. Nd6+ Bxd6 25. Rxd6 Rc8 26. Re1+ Kf8
27. Rxf6+ Kg7 28. Rf7+ Kh6 29. Rxa7 Rhf8 30. Ree7 Rh8 31. Rac7 Kg5 32. Rxc8
Rxc8 33. Rxh7 Rf8 34. h4+ Kf6 35. Rf7+ Rxf7 36. Bxf7 Kxf7 37. a4 Ke7 38. a5 Kd7
39. f4 Kc7 40. f5 gxf5 41. h5 Kb7 42. h6 Ka6 43. h7 Kxa5 44. h8=Q Kb5 45. Qe5+
Kb6 46. b4 Ka6 47. Qxf5 Kb6 48. Qc5+ Kb7 49. f4 Kb8 50. f5 Kb7 51. f6 Kc7 52.
f7 Kb7 53. f8=Q Kc7 54. Qcd6+ Kb6 55. Qfb8+ Ka6 56. Qxc6# 1-0

[Event "CYCC U12"]
[Site "Hamilton CAN"]
[Date "2022.07.08"]
[Round "2.20"]
[White "Pillal, Karma"]
[Black "Lau, Jayden"]
[Result "1/2-1/2"]
[WhiteElo "1208"]
[BlackElo "745"]
[PlyCount "77"]
[EventDate "2022.07.08"]
[EventType "swiss"]
[EventRounds "7"]
[EventCountry "CAN"]

1. d4 Nf6 2. e3 d5 3. Bd3 c5 4. c3 e6 5. Nd2 Nbd7 6. f4 Bd6 7. Ngf3 b6 8. b3
Bb7 9. O-O O-O 10. Bb2 Rc8 11. Qe2 Re8 12. Ne5 Qc7 13. Rac1 Ne4 14. Bxe4 dxe4
15. c4 Nf6 16. Rfd1 Red8 17. Nf1 Qe7 18. Ng3 a6 19. dxc5 Bxc5 20. Kf1 b5 21.
cxb5 axb5 22. Rxd8+ Rxd8 23. Kf2 Nd5 24. Rxc5 Qxc5 25. Nxe4 Qb4 26. Qd3 Qe7 27.
Ng5 f5 28. Qxb5 Nxf4 29. exf4 Rd2+ 30. Ke3 Rxb2 31. Nxe6 Rxg2 32. Nc5 Qd8 33.
Ncd7 Qc7 34. Nc5 Qd8 35. Ncd7 Qc8 36. Nc5 Qd8 37. Ncd7 Qc7 38. Nc5 Qd8 39. Ncd7
1/2-1/2

[Event "CYCC U12"]
[Site "Hamilton CAN"]
[Date "2022.07.08"]
[Round "2.21"]
[White "Li, Anthony"]
[Black "Davydov, Daniel"]
[Result "1-0"]
[WhiteElo "1163"]
[BlackElo "701"]
[PlyCount "53"]
[EventDate "2022.07.08"]
[EventType "swiss"]
[EventRounds "7"]
[EventCountry "CAN"]

1. e4 c5 2. Nf3 d6 3. d4 cxd4 4. Nxd4 Nf6 5. Nc3 Nbd7 6. Be3 e6 7. Bb5 Be7 8.
f3 a6 9. Ba4 b5 10. Bb3 Bb7 11. Qd2 O-O 12. h4 Nh5 13. Bg5 Bxg5 14. hxg5 g6 15.
g4 e5 16. Ndxb5 Ng3 17. Rh3 Nxe4 18. Nxe4 axb5 19. Nxd6 Qb6 20. O-O-O Nc5 21.
Bxf7+ Rxf7 22. Nxf7 Kxf7 23. Rxh7+ Kg8 24. Qh2 Rxa2 25. Rh8+ Kf7 26. Qh7+ Ke6
27. Re8# 1-0

[Event "CYCC U12"]
[Site "Hamilton CAN"]
[Date "2022.07.08"]
[Round "2.22"]
[White "Wang, Edward"]
[Black "Huang, Eric"]
[Result "0-1"]
[WhiteElo "743"]
[BlackElo "1155"]
[PlyCount "112"]
[EventDate "2022.07.08"]
[EventType "swiss"]
[EventRounds "7"]
[EventCountry "CAN"]

1. e4 e6 2. d4 d5 3. exd5 exd5 4. Nf3 Nf6 5. c4 c6 6. Nc3 Be7 7. Bg5 dxc4 8.
Bxc4 O-O 9. O-O Bg4 10. h3 Bxf3 11. Qxf3 Qxd4 12. Bd3 Qb6 13. b3 Nbd7 14. Rfe1
Bd6 15. Ne4 Be5 16. Rad1 Rfe8 17. Bc4 Re7 18. Qe3 Qxe3 19. Rxe3 Ree8 20. Nd6
Bxd6 21. Rxd6 Rxe3 22. Bxe3 Nb6 23. Bxb6 axb6 24. Rd1 b5 25. Be2 h6 26. Rd2 Nd5
27. Bf3 Nc3 28. Rd7 Rb8 29. a3 Nb1 30. a4 bxa4 31. bxa4 Nc3 32. Rd4 b5 33. axb5
cxb5 34. Rb4 Kf8 35. Bc6 Ke7 36. Kf1 Kd6 37. Bf3 Kc5 38. Rb2 b4 39. Ke1 b3 40.
Bd1 Nxd1 41. Kxd1 Kd4 42. Kd2 Kc4 43. g4 Ra8 44. f4 Ra2 45. Kc1 Kc3 46. Rxa2
bxa2 47. Kd1 a1=Q+ 48. Ke2 Kd4 49. g5 Qc3 50. gxh6 gxh6 51. h4 Qd3+ 52. Kf2
Qe3+ 53. Kf1 Qd2 54. h5 Ke3 55. Kg1 Kf3 56. f5 Qg2# 0-1

[Event "CYCC U12"]
[Site "Hamilton CAN"]
[Date "2022.07.08"]
[Round "2.23"]
[White "Chen, Michael"]
[Black "Elizarov, Gabriel"]
[Result "1/2-1/2"]
[WhiteElo "1152"]
[BlackElo "240"]
[PlyCount "92"]
[EventDate "2022.07.08"]
[EventType "swiss"]
[EventRounds "7"]
[EventCountry "CAN"]

1. d4 Nf6 2. Bf4 g6 3. Nf3 Bg7 4. c4 d6 5. Nc3 Bg4 6. e4 Nbd7 7. h3 Bxf3 8.
Qxf3 e5 9. dxe5 dxe5 10. Bg5 h6 11. Bh4 c6 12. O-O-O Qc7 13. Kb1 O-O-O 14. Qe3
Nb6 15. Be2 Kb8 16. Bg3 Ka8 17. f3 Nh5 18. Bf2 Nf4 19. a4 Nxg2 20. Qc1 Nf4 21.
a5 Nc8 22. b4 Qe7 23. Qb2 Rxd1+ 24. Rxd1 Rd8 25. b5 Nxe2 26. Rxd8 Nxc3+ 27.
Qxc3 Qxd8 28. b6 axb6 29. axb6 Nxb6 30. Qa5+ Kb8 31. Bxb6 Qd3+ 32. Kb2 Qe2+ 33.
Kb1 Qxc4 34. Qa7+ Kc8 35. Qa8+ Kd7 36. Qd8+ Ke6 37. Qc8+ Kd6 38. Qd8+ Ke6 39.
Qe8+ Kd6 40. Qb8+ Ke7 41. Bd8+ Ke6 42. Qc8+ Kd6 43. Qc7+ Kc5 44. Qb6+ Kd6 45.
Qc7+ Kc5 46. Qb6+ Kd6 1/2-1/2

[Event "CYCC U12"]
[Site "Hamilton CAN"]
[Date "2022.07.09"]
[Round "3.1"]
[White "Guillemette, Hugo"]
[Black "Sundara Rajan, Inbhavenkat"]
[Result "1-0"]
[WhiteElo "2041"]
[BlackElo "1517"]
[PlyCount "37"]
[EventDate "2022.07.08"]
[EventType "swiss"]
[EventRounds "7"]
[EventCountry "CAN"]

1. e4 e5 2. Nf3 Nc6 3. Bb5 Nf6 4. O-O Bc5 5. c3 O-O 6. d4 exd4 7. e5 Nd5 8.
cxd4 Be7 9. Qb3 Nb6 10. d5 Nb8 11. Bd3 d6 12. e6 fxe6 13. dxe6 d5 14. Re1 c5
15. Qc2 Nc6 16. Bxh7+ Kh8 17. Re5 Rxf3 18. Rh5 Rf6 19. Bg8+ 1-0

[Event "CYCC U12"]
[Site "Hamilton CAN"]
[Date "2022.07.09"]
[Round "3.2"]
[White "Zhong, Ryan Yunhui"]
[Black "Ming, Jerry"]
[Result "1/2-1/2"]
[WhiteElo "1480"]
[BlackElo "1716"]
[PlyCount "131"]
[EventDate "2022.07.08"]
[EventType "swiss"]
[EventRounds "7"]
[EventCountry "CAN"]

1. d4 d5 2. c4 e6 3. Nc3 a6 4. e4 dxe4 5. Nxe4 Nf6 6. Nxf6+ Qxf6 7. Nf3 Bb4+ 8.
Bd2 Bxd2+ 9. Qxd2 O-O 10. Bd3 h6 11. O-O Nd7 12. Rfe1 c5 13. d5 exd5 14. cxd5
b5 15. d6 Bb7 16. Re3 Rfe8 17. Rae1 Rxe3 18. Rxe3 Rd8 19. b3 Nb6 20. Qe1 g6 21.
Re8+ Kg7 22. Rxd8 Qxd8 23. Qc3+ Qf6 24. Qxc5 Bxf3 25. gxf3 Qxf3 26. Qd4+ Kh7
27. d7 Nxd7 28. Qxd7 Kg7 29. Qd4+ Kh7 30. Qe4 Qf6 31. f4 Qa1+ 32. Bb1 Qb2 33.
Qc2 Qd4+ 34. Qf2 Qd1+ 35. Qf1 Qd4+ 36. Kh1 Qd5+ 37. Kg1 Qd4+ 38. Kh1 Qd5+ 39.
Kg1 Qd4+ 40. Kg2 Qd2+ 41. Kf3 Qxh2 42. Ke4 Qg3 43. Bd3 Qh2 44. Be2 Qg3 45. Qf3
Qe1 46. Qd3 Qb4+ 47. Kf3 Qe1 48. Qd1 Qc3+ 49. Kg2 Qe3 50. Qf1 Qd2 51. Qf3 Qxa2
52. f5 Qc2 53. Qd3 Qxd3 54. Bxd3 Kg7 55. Kf3 Kf6 56. Kf4 h5 57. Be2 g5+ 58. Kg3
Kxf5 59. Bxh5 f6 60. Bf7 Ke5 61. Kg4 a5 62. Be8 a4 63. bxa4 bxa4 64. Bxa4 f5+
65. Kxg5 f4 66. Bc6 1/2-1/2

[Event "CYCC U12"]
[Site "Hamilton CAN"]
[Date "2022.07.09"]
[Round "3.3"]
[White "Moses, Neil"]
[Black "Liu, Sean"]
[Result "0-1"]
[WhiteElo "1578"]
[BlackElo "1208"]
[PlyCount "74"]
[EventDate "2022.07.08"]
[EventType "swiss"]
[EventRounds "7"]
[EventCountry "CAN"]

1. Nf3 Nf6 2. c4 c5 3. Nc3 Nc6 4. g3 g6 5. Bg2 Bg7 6. e3 e5 7. O-O O-O 8. d4
exd4 9. exd4 cxd4 10. Nxd4 Qb6 11. Ndb5 a6 12. Be3 Qa5 13. Nd6 Ne5 14. Nd5 Nxd5
15. Bxd5 Qc7 16. c5 Nc6 17. Qb3 Na5 18. Bxf7+ Kh8 19. Qb4 Nc6 20. Qh4 Ne5 21.
Bb3 Nf3+ 22. Kh1 Nxh4 23. gxh4 b5 24. Nf7+ Rxf7 25. Bxf7 Bb7+ 26. f3 Rf8 27.
Bb3 Qe5 28. Rae1 Qxb2 29. Bd1 Be5 30. Rf2 Qb4 31. Ref1 Qxh4 32. Kg1 Bd4 33. Bd2
Bxc5 34. f4 Bd4 35. Bc1 Rxf4 36. Bxf4 Qxf4 37. h3 Qg3# 0-1

[Event "CYCC U12"]
[Site "Hamilton CAN"]
[Date "2022.07.09"]
[Round "3.4"]
[White "Duanmu, Isaac"]
[Black "Zhu, Charis"]
[Result "1-0"]
[WhiteElo "1265"]
[BlackElo "1640"]
[PlyCount "57"]
[EventDate "2022.07.08"]
[EventType "swiss"]
[EventRounds "7"]
[EventCountry "CAN"]

1. d4 d5 2. c4 e6 3. Nc3 Nf6 4. cxd5 exd5 5. Bg5 Be7 6. Qc2 h6 7. Bh4 O-O 8. e3
c6 9. Bd3 Re8 10. Nge2 Nbd7 11. O-O Ne4 12. Bxe7 Qxe7 13. Bxe4 dxe4 14. d5 Nc5
15. Ng3 f5 16. dxc6 bxc6 17. Na4 Nd3 18. Qxc6 Be6 19. b3 Rac8 20. Qb5 g6 21. f3
Red8 22. fxe4 fxe4 23. Nxe4 Bf5 24. Nf2 Qxe3 25. Qb7 Be4 26. Qxe4 Qxe4 27. Nxe4
Rc2 28. Rfd1 Rd4 29. Nac5 1-0

[Event "CYCC U12"]
[Site "Hamilton CAN"]
[Date "2022.07.09"]
[Round "3.5"]
[White "Leung, Joseph"]
[Black "Wu, Jonathan"]
[Result "1/2-1/2"]
[WhiteElo "1109"]
[BlackElo "1891"]
[PlyCount "83"]
[EventDate "2022.07.08"]
[EventType "swiss"]
[EventRounds "7"]
[EventCountry "CAN"]

1. e4 c6 2. d4 d5 3. Nc3 dxe4 4. Nxe4 Nf6 5. Ng3 h5 6. h4 c5 7. c3 Nc6 8. Nf3
Bg4 9. Be2 e6 10. Bg5 Qb6 11. Qb3 cxd4 12. Qxb6 axb6 13. Nxd4 Nxd4 14. cxd4
Bxe2 15. Nxe2 Ne4 16. Be3 Bb4+ 17. Kd1 O-O 18. f3 Nd6 19. a3 Nc4 20. Bc1 Rfd8
21. Kc2 Be7 22. Kd3 Rac8 23. b3 Ne5+ 24. Ke3 Nc6 25. Bb2 Na5 26. Rac1 Nxb3 27.
Rb1 Na5 28. Bc3 Nc4+ 29. Kd3 Bxa3 30. Bb4 Rc6 31. Bxa3 Nxa3 32. Rb3 Nc4 33.
Rhb1 e5 34. Rb4 b5 35. R1b3 Nd6 36. dxe5 Nc4+ 37. Nd4 Rc5 38. Rxb5 Nxe5+ 39.
Ke4 Rxb5 40. Rxb5 Nc4 41. Rxh5 g6 42. Rc5 1/2-1/2

[Event "CYCC U12"]
[Site "Hamilton CAN"]
[Date "2022.07.09"]
[Round "3.6"]
[White "Qian, Eric"]
[Black "Jiang, William"]
[Result "1-0"]
[WhiteElo "1753"]
[BlackElo "1380"]
[PlyCount "75"]
[EventDate "2022.07.08"]
[EventType "swiss"]
[EventRounds "7"]
[EventCountry "CAN"]

1. e4 c5 2. Nf3 Nc6 3. Bb5 g6 4. Bxc6 bxc6 5. d4 cxd4 6. Qxd4 f6 7. Be3 Bg7 8.
O-O e6 9. Qb4 Ne7 10. Bc5 Ba6 11. Rd1 Be2 12. Rd2 Bxf3 13. gxf3 Kf7 14. c4 Re8
15. Nc3 a5 16. Qa3 Qc7 17. Rad1 Rad8 18. Rd3 Nc8 19. b4 axb4 20. Qxb4 Bf8 21.
Bxf8 Rxf8 22. c5 Rfe8 23. a4 e5 24. a5 Re6 25. a6 Qa7 26. Qb7 Re7 27. Kg2 d5
28. Qxc6 d4 29. Nd5 Re6 30. Qb7+ Kf8 31. Ra3 Rxd5 32. exd5 Re8 33. c6 Qc5 34.
a7 Qxa3 35. a8=Q Qc5 36. Qaxc8 Qxd5 37. Qcd7 Qg8 38. c7 1-0

[Event "CYCC U12"]
[Site "Hamilton CAN"]
[Date "2022.07.09"]
[Round "3.7"]
[White "Yao, Henry"]
[Black "Chen (167519), Chen"]
[Result "1/2-1/2"]
[WhiteElo "1666"]
[BlackElo "1375"]
[PlyCount "85"]
[EventDate "2022.07.08"]
[EventType "swiss"]
[EventRounds "7"]
[EventCountry "CAN"]

1. e4 e5 2. Nf3 Nc6 3. Bc4 Bc5 4. c3 d6 5. d4 exd4 6. cxd4 Bb4+ 7. Bd2 Bxd2+ 8.
Nbxd2 Nf6 9. d5 Ne7 10. Qc2 c6 11. dxc6 bxc6 12. e5 dxe5 13. Nxe5 O-O 14. Qb3
Ned5 15. O-O Qd6 16. Ndf3 Rb8 17. Qc2 Re8 18. Rfe1 Ng4 19. Nxg4 Bxg4 20. Bxd5
Qxd5 21. Nd2 f6 22. h3 Bf5 23. Rxe8+ Rxe8 24. Qc4 Bd3 25. Qxd5+ cxd5 26. Nf3
Re2 27. b3 Be4 28. Kf1 Bxf3 29. gxf3 Rc2 30. Rd1 Rxa2 31. Rxd5 Rb2 32. Rd8+ Kf7
33. Rd7+ Kg6 34. Rxa7 Rxb3 35. Kg2 Rb5 36. Ra4 Rg5+ 37. Kh2 h5 38. Rh4 Rd5 39.
Kg2 Kg5 40. Ra4 h4 41. Rg4+ Kh5 42. f4 g5 43. Kf3 1/2-1/2

[Event "CYCC U12"]
[Site "Hamilton CAN"]
[Date "2022.07.09"]
[Round "3.8"]
[White "Wu, Nolan"]
[Black "Fu, Odyssey"]
[Result "1-0"]
[WhiteElo "1550"]
[BlackElo "1101"]
[PlyCount "145"]
[EventDate "2022.07.08"]
[EventType "swiss"]
[EventRounds "7"]
[EventCountry "CAN"]

1. e4 c5 2. Nf3 Nc6 3. Bb5 d6 4. O-O Nf6 5. Re1 e6 6. c3 Be7 7. d4 O-O 8. Nbd2
a6 9. Bd3 b5 10. Nf1 Bb7 11. Bc2 cxd4 12. Nxd4 Qb6 13. Ng3 Ne5 14. h3 Rad8 15.
Kh1 Ng6 16. Be3 Qc7 17. Qe2 d5 18. Bd2 Bc5 19. Rac1 Qd7 20. e5 Ne4 21. Nxe4
dxe4 22. Nb3 Bb6 23. Bg5 Rc8 24. Red1 Qc7 25. Be3 Bxe3 26. Qxe3 Nxe5 27. Bxe4
Nc4 28. Qd4 Rcd8 29. Qc5 Qxc5 30. Nxc5 Bxe4 31. Nxe4 Nxb2 32. Rxd8 Rxd8 33. Rc2
Nc4 34. Nc5 Rd5 35. Nxa6 Kf8 36. Nb4 Rd2 37. Rxd2 Nxd2 38. a4 bxa4 39. Kg1 a3
40. f3 Ke7 41. Kf2 Nb3 42. Ke3 Nc1 43. Nc2 a2 44. Na1 Kd6 45. Kd2 Ne2 46. Kxe2
f5 47. Kd3 Kc5 48. Nb3+ Kb5 49. Kc2 Kc4 50. Nd2+ Kc5 51. Kb2 g5 52. Kxa2 h5 53.
Kb2 e5 54. Kc2 g4 55. hxg4 hxg4 56. fxg4 fxg4 57. Kd3 Kd5 58. Ne4 Ke6 59. c4
Ke7 60. Ng3 Kd6 61. Nf5+ Kc5 62. Ne3 g3 63. Ke4 Kd6 64. Nf5+ Kc5 65. Nxg3 Kxc4
66. Kxe5 Kd3 67. Nf5 Ke2 68. g4 Kf3 69. g5 Kg4 70. g6 Kg5 71. g7 Kh5 72. Nh4
Kxh4 73. g8=Q 1-0

[Event "CYCC U12"]
[Site "Hamilton CAN"]
[Date "2022.07.09"]
[Round "3.9"]
[White "Velasquez, Noah"]
[Black "Tseng, Bradley"]
[Result "0-1"]
[WhiteElo "1422"]
[BlackElo "1343"]
[PlyCount "52"]
[EventDate "2022.07.08"]
[EventType "swiss"]
[EventRounds "7"]
[EventCountry "CAN"]

1. Nf3 c5 2. g3 d5 3. Bg2 Nc6 4. d3 e5 5. Nbd2 Nf6 6. O-O Bd6 7. Re1 h6 8. e4
d4 9. a4 Be6 10. Kh1 Qd7 11. Nc4 Bxc4 12. dxc4 Ne7 13. Ng1 g5 14. f4 O-O-O 15.
fxg5 hxg5 16. Bxg5 Ng4 17. Nh3 Rxh3 18. Bxh3 Nf2+ 19. Kg2 Nxh3 20. Bd2 Rh8 21.
Ra3 f5 22. Rf3 f4 23. gxf4 exf4 24. e5 Rg8+ 25. Kh1 Qg4 26. Qe2 Qg1+ 0-1

[Event "CYCC U12"]
[Site "Hamilton CAN"]
[Date "2022.07.09"]
[Round "3.10"]
[White "Chen, Timmy"]
[Black "Mok, Erwin"]
[Result "0-1"]
[WhiteElo "1073"]
[BlackElo "1468"]
[PlyCount "50"]
[EventDate "2022.07.08"]
[EventType "swiss"]
[EventRounds "7"]
[EventCountry "CAN"]

1. e4 e6 2. d4 d5 3. exd5 exd5 4. Nf3 Nf6 5. Bg5 Bd6 6. Bd3 O-O 7. O-O h6 8.
Bh4 Bg4 9. Nbd2 Nbd7 10. c3 c5 11. dxc5 Nxc5 12. Qc2 Re8 13. h3 Bh5 14. Rfe1 g5
15. Nxg5 hxg5 16. Bxg5 Nxd3 17. Rxe8+ Qxe8 18. Qxd3 Bg6 19. Qf3 Qe5 20. Qxf6
Qh2+ 21. Kf1 Bd3+ 22. Ke1 Qg1+ 23. Nf1 Qxf1+ 24. Kd2 Qe2+ 25. Kc1 Qc2# 0-1

[Event "CYCC U12"]
[Site "Hamilton CAN"]
[Date "2022.07.09"]
[Round "3.11"]
[White "Ahlawat, Jaiho"]
[Black "Li, Anthony"]
[Result "0-1"]
[WhiteElo "1601"]
[BlackElo "1163"]
[PlyCount "84"]
[EventDate "2022.07.08"]
[EventType "swiss"]
[EventRounds "7"]
[EventCountry "CAN"]

1. e4 c5 2. c3 d6 3. d4 cxd4 4. cxd4 Nf6 5. Nc3 Bd7 6. Bg5 e6 7. e5 h6 8. exf6
hxg5 9. fxg7 Bxg7 10. Nge2 Qb6 11. Qd2 Bf6 12. Rb1 d5 13. g3 Nc6 14. Rd1 Rc8
15. Bg2 Ne7 16. b3 Nf5 17. Nb1 a5 18. Qb2 Qb4+ 19. Qd2 Qxd2+ 20. Rxd2 a4 21.
O-O axb3 22. axb3 b5 23. Na3 Ke7 24. Nc2 Rh7 25. Ne3 Nxe3 26. fxe3 g4 27. Rf2
Bg5 28. Rd3 b4 29. e4 Bb5 30. Rd1 Be3 31. Kf1 Bxf2 32. Kxf2 Rxh2 33. Nf4 Rc2+
34. Kg1 Rh8 35. exd5 Rhc8 36. Kh2 Be2 37. Re1 Bf3 38. dxe6 fxe6 39. Rxe6+ Kd7
40. Re1 Rb2 41. Rg1 Rh8+ 42. Nh5 Rxh5# 0-1

[Event "CYCC U12"]
[Site "Hamilton CAN"]
[Date "2022.07.09"]
[Round "3.12"]
[White "Chen, Vincent"]
[Black "Lu, Austin"]
[Result "1-0"]
[WhiteElo "1445"]
[BlackElo "1087"]
[PlyCount "31"]
[EventDate "2022.07.08"]
[EventType "swiss"]
[EventRounds "7"]
[EventCountry "CAN"]

1. e4 c5 2. Nf3 Nc6 3. c3 d5 4. exd5 Qxd5 5. d4 Bf5 6. Bf4 e6 7. Be2 Bxb1 8.
Rxb1 Qxa2 9. O-O Nf6 10. Ne5 Qa5 11. Bf3 Qb6 12. d5 Nd8 13. Qa4+ Ke7 14. Nc4
Qa6 15. d6+ Qxd6 16. Bxd6# 1-0

[Event "CYCC U12"]
[Site "Hamilton CAN"]
[Date "2022.07.09"]
[Round "3.13"]
[White "Huang, Eric"]
[Black "Xu, Leon"]
[Result "0-1"]
[WhiteElo "1155"]
[BlackElo "1439"]
[PlyCount "52"]
[EventDate "2022.07.08"]
[EventType "swiss"]
[EventRounds "7"]
[EventCountry "CAN"]

1. e4 e5 2. Nf3 Nc6 3. Bb5 a6 4. Ba4 Nf6 5. O-O d6 6. Re1 b5 7. Bb3 Bg4 8. c3
Be7 9. h3 Bh5 10. d3 O-O 11. Be3 d5 12. g4 Bg6 13. g5 Nxe4 14. dxe4 Bxe4 15. h4
Qd7 16. Nfd2 Bf5 17. Nf3 Rad8 18. Nh2 f6 19. Qf3 fxg5 20. Qxd5+ Qxd5 21. Bxd5+
Rxd5 22. hxg5 Rfd8 23. Na3 Bxa3 24. bxa3 Na5 25. f4 e4 26. Bd4 c5 0-1

[Event "CYCC U12"]
[Site "Hamilton CAN"]
[Date "2022.07.09"]
[Round "3.14"]
[White "Wang, Dennis"]
[Black "Mane, Arnav"]
[Result "1/2-1/2"]
[WhiteElo "1100"]
[BlackElo "1379"]
[PlyCount "34"]
[EventDate "2022.07.08"]
[EventType "swiss"]
[EventRounds "7"]
[EventCountry "CAN"]

1. e4 c5 2. Nf3 d6 3. Bb5+ Bd7 4. c4 g6 5. Bxd7+ Nxd7 6. O-O Bg7 7. d4 cxd4 8.
Nxd4 Qb6 9. Nb3 Nc5 10. Re1 Rc8 11. N1d2 Nd3 12. Re3 Nxb2 13. Bxb2 Bxb2 14. Rb1
Bg7 15. Nc1 Qc7 16. Qa4+ Kf8 17. Qxa7 Bh6 1/2-1/2

[Event "CYCC U12"]
[Site "Hamilton CAN"]
[Date "2022.07.09"]
[Round "3.15"]
[White "Yu, Ryan"]
[Black "Luan, Jacky Wang"]
[Result "1-0"]
[WhiteElo "1368"]
[BlackElo "993"]
[PlyCount "111"]
[EventDate "2022.07.08"]
[EventType "swiss"]
[EventRounds "7"]
[EventCountry "CAN"]

1. e4 e5 2. Nf3 Nc6 3. Bc4 Bc5 4. c3 Nf6 5. d4 exd4 6. cxd4 Bb4+ 7. Bd2 Bxd2+
8. Nbxd2 d5 9. exd5 Nxd5 10. O-O O-O 11. Rc1 Nb6 12. Bb3 Nxd4 13. Nxd4 Qxd4 14.
Rxc7 Qf6 15. Ne4 Qg6 16. f3 a5 17. Nd6 Nd7 18. Nxc8 Raxc8 19. Rxc8 Rxc8 20.
Qxd7 Qb6+ 21. Kh1 Rf8 22. Rd1 h6 23. Qd4 Qa6 24. Bc4 b5 25. Bf1 Qc6 26. Qd5 Qc2
27. Qd2 Qc6 28. Qxa5 Ra8 29. Qxb5 Qxb5 30. Bxb5 Rxa2 31. b3 Rb2 32. Bc4 g5 33.
h3 Kf8 34. Rd7 f5 35. Rf7+ Ke8 36. Rxf5 Rb1+ 37. Kh2 Re1 38. Rf6 h5 39. Re6+
Rxe6 40. Bxe6 Ke7 41. Bc4 Kd6 42. h4 g4 43. Kg3 gxf3 44. Kxf3 Ke5 45. g4 hxg4+
46. Kxg4 Kf6 47. b4 Ke7 48. b5 Kd7 49. h5 Kc7 50. h6 Kb7 51. h7 Kb6 52. h8=Q
Kc7 53. Qf6 Kb7 54. Qc6+ Kb8 55. Bd5 Ka7 56. Qb7# 1-0

[Event "CYCC U12"]
[Site "Hamilton CAN"]
[Date "2022.07.09"]
[Round "3.17"]
[White "Li, Andrew"]
[Black "Zhou, Felix"]
[Result "0-1"]
[WhiteElo "841"]
[BlackElo "1293"]
[PlyCount "82"]
[EventDate "2022.07.08"]
[EventType "swiss"]
[EventRounds "7"]
[EventCountry "CAN"]

1. e4 e6 2. d4 d5 3. exd5 exd5 4. c4 Nf6 5. Nc3 Bb4 6. Bd2 O-O 7. Nf3 Be6 8.
cxd5 Nxd5 9. Nxd5 Bxd2+ 10. Qxd2 Qxd5 11. Be2 Nc6 12. O-O Rad8 13. Rfd1 Qd7 14.
b3 f6 15. Bc4 Bd5 16. Rac1 Ne7 17. Qa5 a6 18. Qb4 c6 19. Re1 Rfe8 20. Qc5 Kh8
21. Nd2 Bxc4 22. Nxc4 Qxd4 23. Qa5 Ng6 24. Qc7 Rxe1+ 25. Rxe1 Qd1 26. Kf1 Qd3+
27. Kg1 h6 28. h3 Qd7 29. Qb6 Nf4 30. Re3 Qd5 31. f3 Qd1+ 32. Kh2 Rd5 33. Re8+
Kh7 34. Ne3 Qe2 35. Re4 Rd3 36. Kg3 Nh5+ 37. Kh4 Nf4 38. Kg3 f5 39. Re7 Nxg2
40. Qxb7 f4+ 41. Kg4 Nxe3+ 0-1

[Event "CYCC U12"]
[Site "Hamilton CAN"]
[Date "2022.07.09"]
[Round "3.18"]
[White "Lu, Aiden"]
[Black "Zhang, Felix"]
[Result "1-0"]
[WhiteElo "1291"]
[BlackElo "1068"]
[PlyCount "81"]
[EventDate "2022.07.08"]
[EventType "swiss"]
[EventRounds "7"]
[EventCountry "CAN"]

1. e4 d5 2. exd5 Nf6 3. Nc3 Bf5 4. Bc4 c6 5. dxc6 Nxc6 6. Nf3 h6 7. d3 e5 8.
Qe2 Bg4 9. h3 Bxf3 10. Qxf3 Bb4 11. Bd2 O-O 12. O-O Rb8 13. Qd1 a6 14. a3 Ba5
15. Re1 Bc7 16. Ne4 Nxe4 17. dxe4 Bb6 18. Be3 Nd4 19. c3 Qc7 20. Bxf7+ Qxf7 21.
cxd4 exd4 22. Bd2 Qxf2+ 23. Kh1 Qg3 24. Rf1 d3 25. Qb3+ Kh8 26. Qxb6 Qe5 27.
Rxf8+ Rxf8 28. Qxb7 Qg3 29. Bc3 Rf2 30. e5 d2 31. Rd1 Qf4 32. Bxd2 Rxd2 33.
Rxd2 Qf1+ 34. Kh2 Qf4+ 35. Kg1 Qe3+ 36. Rf2 Qe1+ 37. Rf1 Qe3+ 38. Kh1 Qe2 39.
Qf3 Qxe5 40. Qf8+ Kh7 41. Qf5+ 1-0

[Event "CYCC U12"]
[Site "Hamilton CAN"]
[Date "2022.07.09"]
[Round "3.20"]
[White "Sun, Lucas"]
[Black "Gao, Justin"]
[Result "1/2-1/2"]
[WhiteElo "1026"]
[BlackElo "1587"]
[PlyCount "153"]
[EventDate "2022.07.08"]
[EventType "swiss"]
[EventRounds "7"]
[EventCountry "CAN"]

1. e4 c5 2. Nf3 e6 3. d4 cxd4 4. Nxd4 a6 5. Nc3 b5 6. a3 Bb7 7. Bd3 Qc7 8. Be3
Nf6 9. f3 Bd6 10. Qd2 Bxh2 11. Bf2 Bg3 12. Bxg3 Qxg3+ 13. Qf2 Qxf2+ 14. Kxf2 d6
15. Rad1 Nc6 16. Nxc6 Bxc6 17. Ne2 e5 18. c4 Rc8 19. cxb5 axb5 20. Rc1 O-O 21.
Ng3 g6 22. Rc3 Bd7 23. Rhc1 Rb8 24. Rb3 Kg7 25. Ke3 Ng8 26. Rc7 Rfd8 27. Ne2
Ne7 28. Nc3 Nc6 29. Rxb5 Be8 30. b4 Nd4 31. Rxb8 Rxb8 32. Nd5 Ra8 33. Rc3 Ra7
34. Nb6 Bb5 35. Nc8 Ra6 36. Bxb5 Nxb5 37. Rd3 Nxa3 38. Nxd6 Nc2+ 39. Kf2 Nxb4
40. Rb3 Nc6 41. Rb7 Ra7 42. Rxa7 Nxa7 43. Kg3 Nc6 44. Ne8+ Kf8 45. Nf6 h5 46.
f4 exf4+ 47. Kxf4 Ke7 48. Nd5+ Kd6 49. Nb6 f6 50. Nc4+ Ke6 51. Ne3 Nb4 52. Nc4
Nd3+ 53. Ke3 Ne5 54. Nd2 Ng4+ 55. Kf4 g5+ 56. Kf3 Ke5 57. Nb3 Nh6 58. Ke3 Nf7
59. Nd2 Nd6 60. Nf3+ Ke6 61. Nd4+ Kd7 62. Nf3 Nc4+ 63. Kd4 g4 64. Nh4 Nd6 65.
e5 Nf7 66. exf6 Ke6 67. g3 Kxf6 68. Ng2 Ng5 69. Ne3 Nf3+ 70. Ke4 Ng1 71. Nd5+
Kg5 72. Nf4 Nh3 73. Nxh3+ gxh3 74. Kf3 Kf5 75. Kf2 Kg4 76. Kg1 Kxg3 77. Kh1
1/2-1/2

[Event "CYCC U12"]
[Site "Hamilton CAN"]
[Date "2022.07.09"]
[Round "3.21"]
[White "Lau, Jayden"]
[Black "Dunikov, Glib"]
[Result "1-0"]
[WhiteElo "745"]
[BlackElo "1561"]
[PlyCount "77"]
[EventDate "2022.07.08"]
[EventType "swiss"]
[EventRounds "7"]
[EventCountry "CAN"]

1. e4 e5 2. Nf3 d5 3. Nxe5 Bd6 4. d4 dxe4 5. Nc4 Nf6 6. Nc3 h6 7. Nb5 O-O 8.
Ncxd6 cxd6 9. Bf4 Ne8 10. c4 a6 11. Nc3 Nf6 12. Qc2 Nc6 13. Rd1 Bf5 14. Be2 Qd7
15. Qd2 Kh7 16. O-O Rad8 17. f3 Rfe8 18. Rde1 d5 19. c5 Qe6 20. Bd1 Qd7 21. Bc2
Nb4 22. Ba4 Nc6 23. Be5 Qe6 24. Bxf6 gxf6 25. fxe4 Bxe4 26. Rf4 f5 27. Ref1 Qg6
28. Nxe4 Rxe4 29. Rxf5 Rxd4 30. Qc2 Re4 31. Bxc6 bxc6 32. Rxf7+ Kg8 33. Qf2
Ree8 34. Rf6 Qg7 35. Qf5 Rf8 36. Qe6+ Kh7 37. Rf7 Rde8 38. Rxg7+ Kxg7 39. Qd7+
1-0